书目信息 |
| 题名: |
电学原理
|
|
| 作者: | 塔姆 著 ;钱尚武 , 赵祖森 译 | |
| 分册: | ||
| 出版信息: | 上海 商务印书馆 1955-1956 |
|
| 页数: | 2册 (571页) | |
| 开本: | 21cm | |
| 丛书名: | ||
| 单 册: | ||
| 中图分类: | O441.1 | |
| 科图分类: | 53.61 | |
| 主题词: | 电学--高等学校--教材 | |
| 电子资源: | ||
| ISBN: | 15017.29 | |
| 000 | 00930nam0 2200301 450 | |
| 001 | 000538262 | |
| 005 | 20120719235221.0 | |
| 010 | @a15017.29@dCNY1.31 | |
| 091 | @a15017.29@b上册@dCNY1.31 | |
| 091 | @a15017.29@b下册@dCNY1.10 | |
| 100 | @a20120720g19551956em y0chiy0120 ea | |
| 101 | 1 | @achi@crus |
| 102 | @aCN@b310000 | |
| 105 | @ay z 000yy | |
| 106 | @ar | |
| 200 | 1 | @a电学原理@9Dian Xue Yuan Li @f(苏)塔姆(И.Е.Тамм)著@g钱尚武,赵祖森译 |
| 205 | @a3版 | |
| 210 | @a上海@c商务印书馆@d1955-1956 | |
| 215 | @a2册 (571页)@d21cm | |
| 300 | @a中央人民政府高等教育部推荐高等学校教材 试用本 | |
| 606 | 0 | @a电学@x高等学校@j教材 |
| 690 | @aO441.1@v3 | |
| 692 | @a53.61 | |
| 701 | 1 | @a塔姆@9ta mu@g(Тамм, Игорь Евгеньевич),@f1895-1971@4著 |
| 702 | 0 | @a钱尚武@9qian shang wu@4译 |
| 702 | 0 | @a赵祖森@9zhao zu sen@4译 |
| 801 | 0 | @aCN@b91MARC@c20130904 |
| 905 | @aBZT@dO441.1@e8@f1@sO441.1/8 | |
| 电学原理/(苏)塔姆(И.Е.Тамм)著/钱尚武,赵祖森译.-3版.-上海:商务印书馆,1955-1956 |
| 2册 (571页);21cm |
| 中央人民政府高等教育部推荐高等学校教材 试用本 |
| ISBN 15017.29:CNY1.31 |
| ● |
| 相关链接 |
|
|
|
正题名:电学原理
索取号:O441.1/8
 
预约/预借
| 序号 | 登录号 | 条形码 | 馆藏地/架位号 | 状态 | 备注 |
| 1 | 2000126447 | 2000126447 | 旧书回溯/ [索取号:O441.1/8] | 在馆 |